Statistiken für Top 10 Länder mit den meisten Deutschsprachigen

Klicken Sie hier um das Quiz zu spielen!

Allgemein

  • Dieses Quiz wurde 399 mal gespielt
  • Das Durchschnittsergebnis liegt bei 8 aus 10

Antwortstatistiken

#Land% Korrekt
75 milDeutschland
100%
7.4 milÖsterreich
100%
4.5 milSchweiz
100%
500,000Polen
88%
1.8 milvereinigte Staaten von Amerika/ USA
86%
310,000Italien
79%
485,000Kanada
76%
350,000Russland
75%
910,000Brasilien
66%
460,000Kasachstan
20%

Verteilung der Resultate

Perzentil nach korrekt beantworteten Fragen

Anzahl Personen mit jedem Resultat

Ihre Resultats-Entwicklung

Sie haben dieses Quiz noch nicht gespielt